000
00303nam a2200121 a 4500
005
20140414131855.0
008
100901s19uu xx 00 eng d
050
_a
FIL
_b
L78 2007
100
_a
Molina, Russel
245
_a
Lola Puti.
260
_a
Manila, Philippines :
_b
Adarna,
_c
2007.
999
_c
110426
_d
110426